[Event "Alta op"]
[Site "Alta"]
[Date "2012.05.28"]
[Round "6"]
[White "Grundekjon, Christian S"]
[Black "Walseth, Tron"]
[Result "0-1"]
[WhiteElo "1812"]
[BlackElo "1912"]
[PlyCount "132"]
[EventDate "2012.05.25"]
[EventType "swiss"]
[EventRounds "6"]
[EventCountry "NOR"]
[SourceTitle "EXT 2024"]
[Source "ChessBase"]
[SourceDate "2023.10.10"]
[SourceVersion "1"]
[SourceVersionDate "2023.10.10"]
[SourceQuality "1"]

1. d4 Nf6 2. c4 e6 3. g3 Bb4+ 4. Nd2 c5 5. a3 Bxd2+ 6. Qxd2 cxd4 7. Qxd4 Nc6 8. Qc3 b6 9. Bg2 Ba6 10. b4 Bb7 11. Bf4 Rc8 12. Bd6 Na5 13. Bxb7 Nxb7 14. Be5 d6 15. Bd4 e5 16. Be3 Qc7 17. Rc1 d5 18. Qb3 dxc4 19. Qa4+ Qc6 20. Qxc6+ Rxc6 21. Nf3 Nd7 22. 0-0 Ke7 23. Rfd1 f6 24. b5 Rc7 25. Bd2 Nd6 26. Bb4 Nc5 27. Nd2 Nxb5 28. Nxc4 Rd8 29. a4 Nd4 30. Kf1 Ndb3 31. Rxd8 Kxd8 32. Rd1+ Nd7 33. Nd6 Rc1 34. Nf7+ Kc7 35. Bd6+ Kc8 36. Rxc1+ Nxc1 37. Ba3 Nb3 38. Nd6+ Kd8 39. Nb5 a6 40. Nc3 Kc7 41. e3 Kc6 42. Ke2 Nbc5 43. h4 e4 44. Bb2 Ne5 45. Ba3 f5 46. Na2 Nxa4 47. Bf8 g6 48. Nb4+ Kb5 49. Nd5 Kc4 50. Nf4 h5 51. Bd6 Nc3+ 52. Kd2 Nd3 53. Ne6 Nd5 54. Nf8 b5 55. Nxg6 a5 56. Nh8 b4 57. Nf7 a4 58. Bf8 a3 59. Nd6+ Kb3 60. Bg7 Nc3 61. Nxf5 a2 62. Nd4+ Kb2 63. Nc2 Nc5 64. Bxc3+ bxc3+ 65. Kd1 Nd3 66. Na1 Nxf2+ 0-1

[Event "Alta op"]
[Site "Alta"]
[Date "2012.05.26"]
[Round "2"]
[White "Grundekjon, Christian S"]
[Black "Jaeger, Frode Bull"]
[Result "1-0"]
[WhiteElo "1812"]
[BlackElo "2062"]
[PlyCount "89"]
[EventDate "2012.05.25"]
[EventType "swiss"]
[EventRounds "6"]
[EventCountry "NOR"]
[SourceTitle "EXT 2024"]
[Source "ChessBase"]
[SourceDate "2023.10.10"]
[SourceVersion "1"]
[SourceVersionDate "2023.10.10"]
[SourceQuality "1"]

1. e4 c5 2. Nf3 d6 3. c3 Nf6 4. Bb5+ Bd7 5. Bxd7+ Nbxd7 6. Qe2 e6 7. 0-0 Be7 8. d4 cxd4 9. cxd4 d5 10. e5 Ne4 11. Nbd2 Nxd2 12. Bxd2 0-0 13. Rac1 Qb6 14. Rc2 Nb8 15. Rd1 Nc6 16. h3 Rfe8 17. Bc3 a5 18. Ne1 f6 19. f4 fxe5 20. fxe5 Rf8 21. Rd3 Rf4 22. Nf3 Raf8 23. a3 h6 24. Qf2 Qd8 25. g3 R4f5 26. Kg2 Qe8 27. Rc1 Qg6 28. Qe2 R5f7 29. Rf1 b5 30. Nh2 Rxf1 31. Nxf1 b4 32. axb4 axb4 33. Be1 Rf4 34. Bf2 Re4 35. Qc2 Nd8 36. Rf3 Nf7 37. Nd2 Ng5 38. Rf4 Kh7 39. Nxe4 dxe4 40. h4 Nf3 41. Qxe4 Qxe4 42. Rxe4 Nd2 43. Re2 Nc4 44. Rc2 Nb6 45. Rc6 1-0

[Event "Alta op"]
[Site "Alta"]
[Date "2012.05.26"]
[Round "3"]
[White "Joensen, John"]
[Black "Grundekjon, Christian S"]
[Result "0-1"]
[WhiteElo "1876"]
[BlackElo "1812"]
[PlyCount "93"]
[EventDate "2012.05.25"]
[EventType "swiss"]
[EventRounds "6"]
[EventCountry "NOR"]
[SourceTitle "EXT 2024"]
[Source "ChessBase"]
[SourceDate "2023.10.10"]
[SourceVersion "1"]
[SourceVersionDate "2023.10.10"]
[SourceQuality "1"]

1. e4 c5 2. Nf3 e6 3. d4 cxd4 4. Nxd4 Nf6 5. Nc3 d6 6. Be2 a6 7. 0-0 b5 8. Bf3 e5 9. Nb3 Be7 10. Re1 0-0 11. Bg5 Be6 12. Bxf6 Bxf6 13. Nd5 Nd7 14. Qd3 Nb6 15. Nd2 Nxd5 16. exd5 Bd7 17. c3 Be7 18. Bd1 f5 19. f3 Rf6 20. Kh1 Rh6 21. Nf1 f4 22. a4 g6 23. c4 Bf5 24. Qb3 bxc4 25. Qxc4 a5 26. b4 Rc8 27. Qb3 axb4 28. Qxb4 Bh4 29. Re4 Bxe4 30. fxe4 Bf2 31. Bg4 Bc5 32. Be6+ Kh8 33. Qb5 Rb8 34. Qd7 Qxd7 35. Bxd7 g5 36. a5 Rf6 37. Nd2 Rf7 38. Bc6 g4 39. h3 f3 40. gxf3 gxf3 41. Rf1 f2 42. a6 Rg8 43. Bb5 Rg1+ 44. Kh2 Be3 45. h4 Bf4+ 46. Kh3 Rg3+ 47. Kh2 0-1

[Event "Tromsoe GP"]
[Site "Tromsoe"]
[Date "2012.03.23"]
[Round "5"]
[White "Grundekjon, Christian S"]
[Black "Leukkunen, Raimo"]
[Result "1-0"]
[WhiteElo "2013"]
[BlackElo "1891"]
[PlyCount "87"]
[EventDate "2012.03.23"]
[EventType "swiss"]
[EventRounds "5"]
[EventCountry "NOR"]
[SourceTitle "EXT 2024"]
[Source "ChessBase"]
[SourceDate "2023.10.10"]
[SourceVersion "1"]
[SourceVersionDate "2023.10.10"]
[SourceQuality "1"]

1. e4 e5 2. f4 d5 3. exd5 e4 4. Nc3 Nf6 5. d3 Bb4 6. Bd2 e3 7. Bxe3 0-0 8. Be2 Nxd5 9. Bd2 Bxc3 10. bxc3 Re8 11. c4 Ne3 12. Bxe3 Rxe3 13. Qd2 Qe7 14. Kf2 Re6 15. d4 Nd7 16. Bf3 Nf6 17. Ne2 c6 18. Rhe1 Bd7 19. f5 Ne4+ 20. Bxe4 Rxe4 21. Ng3 Rxe1 22. Rxe1 Qh4 23. Kg1 Re8 24. c3 g6 25. Rxe8+ Bxe8 26. Qe3 Qd8 27. f6 Bd7 28. Nh5 Be6 29. Qh6 Qf8 30. Qxf8+ Kxf8 31. Ng7 Bxc4 32. a3 h5 33. h4 Kg8 34. Kf2 Bd5 35. g3 b5 36. Ke3 Kh7 37. Kf4 Kh6 38. Ne8 a5 39. Nd6 a4 40. Ke5 g5 41. Nxb5 Kg6 42. Nd6 gxh4 43. gxh4 Bb3 44. Nf5 1-0

[Event "Tromsoe GP"]
[Site "Tromsoe"]
[Date "2012.03.23"]
[Round "3"]
[White "Grundekjon, Christian S"]
[Black "Pedersen, Johnny Karl"]
[Result "1/2-1/2"]
[WhiteElo "2013"]
[BlackElo "1621"]
[PlyCount "154"]
[EventDate "2012.03.23"]
[EventType "swiss"]
[EventRounds "5"]
[EventCountry "NOR"]
[SourceTitle "EXT 2024"]
[Source "ChessBase"]
[SourceDate "2023.10.10"]
[SourceVersion "1"]
[SourceVersionDate "2023.10.10"]
[SourceQuality "1"]

1. c4 e6 2. Nf3 c5 3. Nc3 f5 4. g3 Nf6 5. Bg2 Nc6 6. d4 cxd4 7. Nxd4 Nxd4 8. Qxd4 Bb4 9. 0-0 0-0 10. Bf4 d6 11. Rfd1 Bc5 12. Qd2 Qb6 13. e3 e5 14. Bg5 Be6 15. Na4 Qc7 16. Nxc5 dxc5 17. Bxf6 Rxf6 18. Bd5 Raf8 19. Bxe6+ Rxe6 20. Qd5 Rfe8 21. Qf3 Rf6 22. Rd5 f4 23. exf4 exf4 24. Qh5 Qe7 25. Rxc5 fxg3 26. Qd5+ Kh8 27. hxg3 Qe2 28. Qd4 Qf3 29. Rc7 Ref8 30. Qe3 Qxe3 31. fxe3 Rb6 32. b3 h6 33. Rf1 Re8 34. Rff7 Rg6 35. Rf3 Ra6 36. Rxb7 Rxa2 37. Rf2 Ra1+ 38. Kg2 Rxe3 39. Rf8+ Kh7 40. Rff7 Ra2+ 41. Kh3 Kg6 42. Rxg7+ Kf6 43. Rbf7+ Ke5 44. Re7+ Kd4 45. Rg4+ Kd3 46. Rxe3+ Kxe3 47. c5 Ra6 48. Ra4 Rc6 49. b4 a6 50. Kg4 Kd3 51. Kf4 Kc4 52. Ke5 Kb5 53. Kd5 Rg6 54. Ra2 Kxb4 55. Rb2+ Ka5 56. Rb3 Rg5+ 57. Kd6 Rg6+ 58. Kd7 Rg7+ 59. Kc6 Rg6+ 60. Kb7 Rg7+ 61. Kb8 Rg8+ 62. Ka7 Rg7+ 63. Rb7 Rg6 64. Rb6 Rg7+ 65. Rb7 Rg6 66. Rc7 Kb5 67. Kb7 a5 68. c6 a4 69. Rc8 a3 70. Ra8 Rxc6 71. Rxa3 Rg6 72. Kc7 Kb4 73. Rf3 Kc4 74. Kd7 Kd4 75. Ke7 Ke4 76. Kf7 Kxf3 77. Kxg6 Kxg3 1/2-1/2

[Event "Tromsoe GP"]
[Site "Tromsoe"]
[Date "2012.03.23"]
[Round "2"]
[White "Pedersen, Oyvind"]
[Black "Grundekjon, Christian S"]
[Result "1-0"]
[WhiteElo "2134"]
[BlackElo "2013"]
[PlyCount "101"]
[EventDate "2012.03.23"]
[EventType "swiss"]
[EventRounds "5"]
[EventCountry "NOR"]
[SourceTitle "EXT 2024"]
[Source "ChessBase"]
[SourceDate "2023.10.10"]
[SourceVersion "1"]
[SourceVersionDate "2023.10.10"]
[SourceQuality "1"]

1. e4 c6 2. c4 e5 3. Nf3 d6 4. d4 Qc7 5. Be2 Bg4 6. 0-0 Nf6 7. Nc3 Be7 8. h3 Bh5 9. Be3 0-0 10. Rc1 a5 11. Qd3 Nbd7 12. Nh4 exd4 13. Bxd4 Nc5 14. Qe3 Bxe2 15. Qxe2 Ne6 16. Nf5 Nxd4 17. Nxd4 Rfe8 18. Rfd1 Rad8 19. Qf3 Nd7 20. Qg3 Ne5 21. b3 Bf8 22. Kh1 g6 23. Nf5 Kh8 24. Ne3 Nd7 25. Qf4 Nc5 26. f3 Ne6 27. Qh4 Be7 28. Qf2 Bg5 29. Rc2 Qb6 30. Ng4 Qc7 31. Ne2 h5 32. Ne3 Qb6 33. Ng4 Nc5 34. Qd4+ Kg8 35. Nf6+ Bxf6 36. Qxf6 Nd7 37. Qd4 Nc5 38. Nf4 Qc7 39. Rcd2 Re5 40. Nd3 Nxd3 41. Rxd3 c5 42. Qc3 Re6 43. Rd5 Rde8 44. Qd2 Rd8 45. e5 b6 46. Rxd6 Rdxd6 47. exd6 Qd7 48. Qd5 Kg7 49. Kg1 f6 50. Kf2 g5 51. Qxe6 1-0

[Event "Tromsoe Bymesterskap"]
[Site "Tromsoe"]
[Date "2012.03.08"]
[Round "6"]
[White "Romsdal, Trond"]
[Black "Grundekjon, Christian S"]
[Result "0-1"]
[WhiteElo "2151"]
[BlackElo "2003"]
[PlyCount "84"]
[EventDate "2012.01.19"]
[EventType "swiss"]
[EventRounds "7"]
[EventCountry "NOR"]
[SourceTitle "EXT 2024"]
[Source "ChessBase"]
[SourceDate "2023.10.10"]
[SourceVersion "1"]
[SourceVersionDate "2023.10.10"]
[SourceQuality "1"]

1. Nf3 Nf6 2. g3 d5 3. Bg2 Bf5 4. 0-0 e6 5. d3 Nbd7 6. Nbd2 Bc5 7. Qe1 c6 8. e4 dxe4 9. dxe4 Bg6 10. e5 Nd5 11. Ne4 Qb6 12. a3 a5 13. c4 Bxe4 14. Qxe4 Ne7 15. Bg5 h6 16. b4 hxg5 17. bxc5 Nxc5 18. Qg4 0-0-0 19. Rab1 Qc7 20. Qxg5 g6 21. Qe3 b6 22. Ng5 Rd3 23. Qe2 Nf5 24. Ne4 Nd4 25. Nd6+ Qxd6 26. Qxd3 Qxe5 27. Qe3 Ne2+ 28. Kh1 Qxe3 29. fxe3 Nxg3+ 30. Kg1 Nxf1 31. Rxf1 f5 32. Bxc6 Kc7 33. Bb5 Rh3 34. Re1 Nd3 35. Re2 g5 36. Rg2 g4 37. e4 Ne1 38. Re2 Nf3+ 39. Kh1 f4 40. Ba4 g3 41. Bd1 Rxh2+ 42. Rxh2 Nxh2 0-1